25 Ridiculous Laws in the United States - Statistics

General Stats
  • This quiz has been taken 16 times
  • The average score is 4 of 25
Answer Stats
State Law % Correct
Texas You cannot {milk} another person's cow.
57%
Arizona and Georgia A {donkey} cannot sleep in a bathtub.
43%
Oregon A {wedding} ceremony may not be performed at a skating rink.
43%
Maine You will be fined for leaving your {Christmas} {decorations} up past January 14th.
43%
Pennsylvania It's illegal to {sleep} on top of refrigerator outdoors.
36%
Montana It's considered a felony for a wife to open her husband's {mail}.
29%
Arkansas "Arkansas" may not be pronounced "{Arkansaw}."
21%
Alaska It's illegal to push a {moose} out of a moving airplane.
21%
South Carolina Every adult male must bring a {rifle} to church on Sunday to ward off Indian attacks.
14%
Delaware It's illegal to {get} {married} on a dare.
14%
Alabama It's illegal to wear a fake {mustache} that causes laughter in church.
14%
Utah {Birds} have the right of way on all highways.
7%
Kentucky Every person must {shower} at least once a year.
7%
Nevada It's illegal to ride a {camel} on the highway.
7%
Maryland You may be fined $10 for wearing a sleeveless shirt in a {public} {park}.
7%
Oregon All dishes must {drip} {dry}.
0%
West Virginia Children cannot attend school if their breath smells of "{wild} {onions}."
0%
North Carolina {Elephants} may not be used to plow cotton fields
0%
Indiana {Hotel} {sheets} must be exactly 99 inches long and 81 inches wide.
0%
Kansas It's illegal to put {ice} {cream} on a cherry pie.
0%
Massachusetts It's illegal to put {tomatoes} in clam chowder.
0%
Oklahoma It's illegal to wear {boots} to bed.
0%
Washington You cannot {catch} {a} {fish} by throwing a rock at it.
0%
Wisconsin You cannot {kiss} on a train.
0%
Hawaii You may be fined for not owning a {boat}.
0%
No matching quizzes found
Score Distribution
Percent of People with Each Score
Percentile by Number Answered
Your Score History
You have not taken this quiz